Memoria sobre el tiro a rebote / (Record no. 154271)

MARC details
000 -LEADER
campo de control de longitud fija 00965nam a2200253 i 4500
001 - NÚMERO DE CONTROL
campo de control 154271
003 - IDENTIFICADOR DE NÚMERO DE CONTROL
campo de control ES-MaACL
005 - FECHA Y HORA DE LA ÚLTIMA TRANSACCIÓN
campo de control 20230906205607.0
008 - DATOS DE LONGITUD FIJA--INFORMACIÓN GENERAL
campo de control de longitud fija 981201s1842 sp f |||| | spa d
040 ## - FUENTE DE CATALOGACIÓN
Centro catalogador/agencia de origen CCPB | B
Lengua de catalogación spa
Centro/agencia transcriptor CCPB | B
080 ## - NÚMERO DE LA CLASIFICACIÓN DECIMAL UNIVERSAL
Número de la Clasificación Decimal Universal 623.41
100 1# - ENTRADA PRINCIPAL--NOMBRE DE PERSONA
Nombre de persona Gautier, Luis.
9 (RLIN) 56054
245 10 - MENCIÓN DEL TÍTULO
Título Memoria sobre el tiro a rebote /
Mención de responsabilidad, etc. traducida y aumentada para el uso de la Academia de Ingenieros por Luis Gautier.
260 ## - PUBLICACIÓN, DISTRIBUCIÓN, ETC.
Lugar de publicación, distribución, etc. Guadalajara :
Nombre del editor, distribuidor, etc. [s.n.],
Fecha de publicación, distribución, etc. 1842 (
Fabricante Imp. de P.M. Ruiz y Hermano)
300 ## - DESCRIPCIÓN FÍSICA
Extensión 31 p., [1] h. pleg. de lám. ;
Dimensiones 20 cm.
530 ## - NOTA DISPONIBLE DE FORMULARIO FÍSICO ADICIONAL
Nota de formato físico adicional disponible Disponible en formato digital.
597 ## - NOTA DE DESCRIPCIÓN FÍSICA
NOTA DE DESCRIPCIÓN FÍSICA Port. con escudo real.
599 ## - NOTA A LAS ILUSTRACIONES
NOTA A LAS ILUSTRACIONES La h. de lam. pleg.: "Lita. de J. Aragón"
650 #4 - PUNTO DE ACCESO ADICIONAL DE MATERIA--TÉRMINO DE MATERIA
Término de materia o nombre geográfico como elemento de entrada Tiro de artillería.
9 (RLIN) 155696
700 1# - ENTRADA AGREGADA--NOMBRE PERSONAL
Nombre de persona Gautier, Luis.
9 (RLIN) 56054
752 ## - ENTRADA AGREGADA--NOMBRE JERÁRQUICO DEL LUGAR
País o entidad superior España -
Ciudad Guadalajara
852 ## - LOCALIZACIÓN
Ubicación ES-MaACL
Número de control de estantería F-13510
Nota libre - Enc. tela
856 ## - LOCALIZACIÓN Y ACCESO ELECTRÓNICOS
Identificador Uniforme de Recursos <a href="http://bdh-rd.bne.es/viewer.vm?id=0000168495&page=1 ">http://bdh-rd.bne.es/viewer.vm?id=0000168495&page=1 </a>
Nota pública Biblioteca Digital Hispánica
Holdings
Estatus retirado Estado de pérdida Estado de daño No para préstamo Colección Biblioteca de origen Biblioteca actual Ubicación en estantería Fecha de adquisición Fuente de adquisición Total de préstamos Signatura topográfica completa Código de barras Visto por última vez Precio de reemplazo Tipo de ítem Koha
        Colección digital Biblioteca del Ateneo de Madrid Biblioteca del Ateneo de Madrid Sala Pecera Planta 2 17/01/2008     F-13510 1161318 23/02/2023 23/02/2023 Libro impreso antiguo